Tổng hợp vật liệu Nano Spinel Lithi Mangan Oxide và Lithi Titani Oxide Báo cáo tổng kết đề tài khoa học và công nghệ cấp cơ sở. Mã số: CS2015.01.02

Đã lưu trong:
Bibliografiske detaljer
Hovedforfatter: Nguyễn, Minh Thảo (Chủ nhiệm đề tài)
Andre forfattere: Phạm, Minh Xuân (Phối hợp)
Format: Pakke Bog
Udgivet: Đồng Tháp Trường Đại học Đồng Tháp 2017
Fag:
Tags: Tilføj Tag
Ingen Tags, Vær først til at tagge denne postø!
Thư viện lưu trữ: Trung tâm Học liệu Lê Vũ Hùng, Trường Đại học Đồng Tháp
LEADER 01194ppm a22002418a 4500
001 00041698
005 20180620080619.0
008 170215s2015 ||||||Viesd
041 0 # |a Vie 
082 1 4 |b T455H  |a 546 
100 1 # |a Nguyễn, Minh Thảo  |e Chủ nhiệm đề tài 
245 1 0 |b Báo cáo tổng kết đề tài khoa học và công nghệ cấp cơ sở. Mã số: CS2015.01.02  |c Nguyễn Minh Thảo (chủ nhiệm đề tài), Phạm Minh Xuân (phối hợp)  |a Tổng hợp vật liệu Nano Spinel Lithi Mangan Oxide và Lithi Titani Oxide 
260 # # |b Trường Đại học Đồng Tháp  |c 2017  |a Đồng Tháp 
300 # # |a 47 tr. +phụ lục  |c 30 cm.  |e 1 bản tóm tắt 
500 # # |a ĐTTS ghi: Bộ Giáo dục và Đào tạo. Trường Đại học Đồng Tháp 
653 # # |a Hóa vô cơ 
653 # # |a Nghiên cứu khoa học 
653 # # |a Tổng hợp Lithi 
653 # # |a Vật liệu Nano 
700 1 # |a Phạm, Minh Xuân  |e Phối hợp 
852 # # |j KH.0000105 
910 |d 20/06/2018 
980 # # |a Trung tâm Học liệu Lê Vũ Hùng, Trường Đại học Đồng Tháp